000 00631nam a2200241#a 4500
001 00575
003 HDC
007 ta
008 230623s1997 xx 000 0 eng d
020 _a9839999435 (pbk.).
040 _aHDC
050 _aHF 1379
_b.I86 1997
100 _aIsmail Mahyudin
245 0 _aInternational trade operation :
_ba guide /
_c by Ismail Mahayudin
264 _aKuala Lumpur :
_bBIMB Institute,
_c1997
300 _a111p. :
_b ill. ;
_c 21cm
650 _aInternational trade
650 _aInternational trade operations
942 _2lcc
942 _cBK
942 _kHF 1379
942 _m.I86 1997
999 _c22216
_d22216